000 00427nam a2200157Ia 4500
005 20260330112747.0
008 260330s9999||||xx |||||||||||||| ||und||
020 _a107121962
041 _aspa
245 0 _aEl Protestantismo En America Latina Tomo Ii /
250 _a1 ed.
260 _aBogotá :
_bOficina Internacional De Investigación De Feres.
300 _a287 p.
650 _aRELIGIONES NO CRISTIANAS
942 _cBK
999 _c3317
_d3317